LEADER 01457nam a2200325 a 4500 001 000000122657 003 CaOOAMICUS 005 20100820123424.0 008 100820t2010 it 000 u ita r 020 $a978-88-311-3327-2 040 $aPUL$bita$dReb 082 04$a231 100 1 $aFerri, Riccardo.$0(OLS)http://pul/name/66299 245 13$aIl Dio unitrino nel pensiero di Tommaso d'Aquino :$bdal Commento alle Sentenze al Compendio di teologia /$cRiccardo Ferri . 260 $aRoma :$bCittà Nuova,$c©2010. 300 $a203 p; c20cm. 490 1 $aContributi di teologia ;$v60 504 $aBibliografia p. [191]-199. 600 04$aThomas Aquinas,$cs.,$dc. 1225-1274$xTeologia.$0(OLS)http://pul/subject/9426 650 4$aTrinità.$0(OLS)http://pul/subject/2463 830 0$aContributi di teologia ;$v60.$0(OLS)http://pul/title/23834 850 $aPUL 852 $aPUL$W1$xSL Religione 3$y85$m231 FERRI 1$j140888$qDDC 21$q $B139968$CPULBib$Z2$F139968 $H114139 $81 941 1 $a9 960 $aTeologia trinitaria$92463 960 $aTeologia trinitaria$92463 996 $6020$a978-88-311-3327-2$9(OLS)http://pul/number/145088 996 $6082$a231$9(OLS)http://pul/classification/408 996 $6245$aIl Dio unitrino nel pensiero di Tommaso d'Aquino :$bdal Commento alle Sentenze al Compendio di teologia$9(OLS)http://pul/title/154596 996 $6260$aRoma :$bCittà Nuova$9(OLS)http://pul/publisher/47927 LEADER 01603nam a2200337 a 4500 001 000000123485 003 CaOOAMICUS 005 20101022105733.0 008 101022t2003 it u000 u ita r 020 $a978-88-06-16621-2 040 $aPUL$bita 041 1 $aita$hfre 082 04$a808 100 1 $aBarthes, Roland,$d1915-1980.$0(OLS)http://pul/name/30718 240 10$aDegré zéro de l'écriture suivi de Nouveaux essais critiques.$lItaliano.$0(OLS)http://pul/title/155613 245 13$aIl grado zero della scrittura seguito da Nuovi saggi critici /$cRoland Barthes. 246 33$aNuovi saggi critici 260 $aTorino :$bGiulio Einaudi,$c©2003. 300 $aVI, 181 p. ;$c20 cm 490 1 $aPiccola biblioteca Einaudi. Nuova serie. Saggistica letteraria e linguistica ;$v236 650 4$aCritica letteraria.$0(OLS)http://pul/subject/7021 830 0$aPiccola biblioteca Einaudi.$pNuova serie.$pSaggistica letteraria e linguistica ;$v236.$0(OLS)http://pul/title/155615 850 $aPUL 852 $aPUL$W1$xSL Cons. Gen., Altre Classi 3$y75$m808 BARRO 1$j142153$a3. ristampa del 2009$qDDC 21$B141125$CPULBib$Z2$F141125 $H114874 $82 941 1 $a9 996 $6020$a978-88-06-16621-2$9(OLS)http://pul/number/145690 996 $6082$a808$9(OLS)http://pul/classification/1650 996 $6246$aNuovi saggi critici$9(OLS)http://pul/title/155619 996 $6245$aIl grado zero della scrittura seguito da Nuovi saggi critici$9(OLS)http://pul/title/155614 996 $6260$aTorino :$bGiulio Einaudi$9(OLS)http://pul/publisher/54573